[Event "COL-ch Amateur"]
[Site "Villavicencio"]
[Date "2015.02.18"]
[Round "2"]
[White "Molina, Angel"]
[Black "Orozco Arango, Jaidiber"]
[Result "0-1"]
[WhiteElo "1946"]
[BlackElo "1851"]
[PlyCount "33"]
[EventDate "2015.02.18"]
[EventType "swiss"]
[EventRounds "9"]
[EventCountry "COL"]
[SourceTitle "CBM 165 Extra"]
[Source "ChessBase"]
[SourceDate "2015.04.21"]
[SourceVersion "1"]
[SourceVersionDate "2015.04.21"]
[SourceQuality "1"]

1. e4 c5 2. Nf3 d6 3. d4 cxd4 4. Nxd4 Nf6 5. Nc3 a6 6. a4 e5 7. Nf3 Qc7 8. Be2 b6 9. 0-0 Bb7 10. Nd5 Nxd5 11. exd5 g6 12. Be3 Bg7 13. Qd2 Nd7 14. Rab1 0-0 15. b4 e4 16. Ng5 Bc3 17. Qd1 0-1